000 00493nam a2200181Ia 4500
008 090123s9999 xx 000 0 und d
082 _b3650
100 _aमिरासदार द.मा.
245 _aहसणावण
250 _a1
260 _bकल्पना
_c1974
300 _a162
600 _aमिरासदार द.मा.
630 _aहसणावण
700 _aमिरासदार द.मा.
730 _aहसणावण
942 _cBOOK
999 _c41729
_d41729